Aves de Sierra de la Ventana : guía de campo /
Guardado en:
| Autor Principal: | |
|---|---|
| Otros Autores: | |
| Formato: | Libro |
| Idioma: | Spanish |
| Publicado: |
Bahía Blanca :
el Autor,
2015.
|
| Edición: | 2a. ed. |
| Materias: | |
| Etiquetas: |
Agregar Etiqueta
Sin Etiquetas, Sea el primero en etiquetar este registro!
|
| LEADER | 00557nam a22001695a 4500 | ||
|---|---|---|---|
| 001 | DER.der013744 | ||
| 008 | 181112s2015####ag#||||||||||||||#||spa|| | ||
| 005 | 20251210181327.0 | ||
| 245 | 1 | 0 | |a Aves de Sierra de la Ventana : |b guía de campo / |c Pedro Cristóbal Doiny Cabré , Reginaldo Lejarraga. |
| 250 | |a 2a. ed. | ||
| 260 | |a Bahía Blanca : |b el Autor, |c 2015. | ||
| 300 | |a 145 p. |a il. | ||
| 100 | 1 | |a Doiny Cabré, Pedro Cristóbal | |
| 700 | 1 | |a Lejarraga, Reginaldo | |
| 653 | |a AVES | ||
| 653 | |a DERECHO AMBIENTAL | ||
| 859 | |a DERECHO |b BIB. DERECHO |h 598.075 82 |i DOI |p 008810 | ||
